Multiple Choice (NFL) Quiz - Statistics

General Stats
  • This quiz has been taken 143 times
  • The average score is 7 of 15
Answer Stats
Question Answer % Correct
Who was the first team to win a Super Bowl ? Green Bay Packers
96%
Who played QB for the Green Bay Packers in 2006 ? Brett Farve
77%
Who lead the NFL in passing yards in 2013 ? Peyton Manning
68%
Who won the NFL MVP in 2017-18 season ? Tom Brady
68%
Who was the #1 overall pick in 2015 NFL Draft ? Jameis Winston
60%
Who won the Super Bowl in 1999 ? Denver Broncos
56%
When did Tom Brady start his first NFL game ? 2001
54%
What year was the first official NFL game ? 1920
47%
What year did Ray Lewis retire ? 2013
35%
What year did Mean Joe Greene get drafted ? 1969
34%
When was the Seattle Seahawks established as a NFL team ? 1974
33%
How many former NFL players are in the Hall of Fame ? 318
30%
Who was the first ever Pittsburgh Steelers QB ? Tony Holm
26%
Who won Offensive Rookie of the Year in 2000 ? Mike Anderson
18%
What player was NOT part of the Legion of Boom ? Bobby Wagner
14%
No matching quizzes found
Score Distribution
Percent of People with Each Score
Percentile by Number Answered
Your Score History
You have not taken this quiz